00978nam a2200241 a 450000100100000000500170001000800410002702000150006804000250008308200210010810000400012924500940016925000110026326000560027430000260033049000530035650000730040970000440048283000590052604900090058595201250059499900170071900002646020200930030233.0110318s1981 mx r 000 0 spa d a9682302579 aDO-SdBNPbspacBNPHU axxxbG747a, 19811 aGramsci, Antonio,d1891-1937.9523210aAntología /cAntonio Gramsci ; selección, traducción y notas de Manuel Sacristán. a6a ed. aMéxico, D. F. :bSiglo Veintiuno Editores,c1981. axvi, 520 p. ;c21 cm.1 aBiblioteca del pensamiento socialista.ateoría aIncluye referencias bibliográficas y notas al pie de las páginas1 aSacristán Luzón, Manueletr.913751 0aBiblioteca del pensamiento socialistapteoría953521 aBNGR 001054708MOaGRbGRcCTd2011-03-18iLF1l0oxxx G747a, 1981p26460-10r2020-06-25w2020-06-25y4ZPréstamo en sala c25952d25952